| 000 | 01239nas a2200409 4500 | ||
|---|---|---|---|
| 001 | BR0402500 | ||
| 003 | BR-BrBNA | ||
| 005 | 20231205104550.0 | ||
| 007 | ta | ||
| 008 | 230509b bl.|||p| |||| 00| 00por d | ||
| 040 |
_aBR-BrBNA _bpor _cBiblioteca Nacional de Agricultura |
||
| 041 | _a(Pt) | ||
| 072 | _aF01; F50 | ||
| 100 | 1 | _aBarbosa, N.M.L. | |
| 100 | 1 | _aCunha, G.A.P. da | |
| 100 | 1 | _aReinhardt, D.H. | |
| 100 | 1 | _aBarros, P.G. | |
| 100 | 1 | _aSantos, A.R.L. dos | |
| 245 | 1 | _aIndução de alterações morfológicas e anatômicas em folhas de abacaxizeiro 'Pérola' pelo ácido 2-(3-clorofenoxi)propiônico | |
| 650 | _aABACAXI | ||
| 650 | _aANANAS COMOSUS | ||
| 650 | _aRAIZ | ||
| 650 | _aREGULADOR DE CRESCIMENTO | ||
| 650 | _aINDUÇÃO | ||
| 650 | _aFLORAÇÃO | ||
| 650 | _aPULVERIZAÇÃO | ||
| 650 | _aÁCIDO PROPIÔNICO | ||
| 650 | _aANATOMIA VEGETAL | ||
| 650 | _aMORFOLOGIA VEGETAL | ||
| 650 | _aFOLHA | ||
| 650 | _aMICROSCÓPIO | ||
| 650 | _aPROPAGAÇÃO VEGETATIVA | ||
| 650 | _aMICROPROPAGAÇÃO | ||
| 773 | 0 |
_tRevista Brasileira de Fruticultura (Brazil) _xISSN 0100-2945 _g(Dec 2003), v. 25(3) p. 386-389 _wBR0402500 |
|
| 909 |
_a202311 _bLúcia _c55 _dLúcia Elande |
||
| 942 |
_2AGRIS _n0 _cANA |
||
| 999 |
_c178742 _d178742 |
||